[Event "DEM U14 2019"]
[Site "Willingen GER"]
[Date "2019.06.13"]
[Round "7"]
[White "Wellßow, Keoki"]
[Black "Straub, Benno"]
[Result "1-0"]
[Termination "normal"]
[Board "22"]
[WhiteElo "1509"]
[BlackElo "1490"]
[WhiteClock "00:20:30"]
[BlackClock "01:44:30"]
[PlyCount "89"]
[WhiteFideId "16251075"]
[BlackFideId "16255488"]
[EventCountry "GER"]
[EventRounds "9"]
[EventType "swiss"]
[EventDate "2019.06.08"]

1. c4 {[%clk 1:30:56]} 1... Nf6 {[%clk 1:30:58]} 2. g3 {[%clk 1:31:10]} 2... e6
{[%clk 1:31:22]} 3. Bg2 {[%clk 1:30:34]} 3... d5 {[%clk 1:31:48]} 4. Nf3 {
[%clk 1:30:20]} 4... Be7 {[%clk 1:31:30]} 5. O-O {[%clk 1:29:38]} 5... O-O {
[%clk 1:31:56]} 6. b3 {[%clk 1:29:02]} 6... c6 {[%clk 1:32:11]} 7. Bb2 { [%clk
1:26:58]} 7... Nbd7 {[%clk 1:32:29]} 8. d3 {[%clk 1:15:41]} 8... Qc7 { [%clk
1:32:05]} 9. e3 {[%clk 1:11:54]} 9... b6 {[%clk 1:32:13]} 10. Qe2 { [%clk
1:08:03]} 10... Bb7 {[%clk 1:31:44]} 11. Nc3 {[%clk 1:05:42]} 11... Nc5 { [%clk
1:30:37]} 12. b4 {[%clk 0:59:42]} 12... Ncd7 {[%clk 1:30:19]} 13. a3 { [%clk
0:59:51]} 13... a5 {[%clk 1:29:08]} 14. bxa5 {[%clk 0:55:09]} 14... Rxa5 {[%clk
1:29:26]} 15. cxd5 {[%clk 0:53:51]} 15... exd5 {[%clk 1:29:25]} 16. e4 { [%clk
0:51:07]} 16... d4 {[%clk 1:28:10]} 17. Nxd4 {[%clk 0:48:47]} 17... Rfa8 {[%clk
1:28:18]} 18. Rfc1 {[%clk 0:39:55]} 18... Qd8 {[%clk 1:22:53]} 19. e5 { [%clk
0:23:52]} 19... Nd5 {[%clk 1:23:04]} 20. Nxd5 {[%clk 0:22:25]} 20... cxd5
{[%clk 1:23:16]} 21. e6 {[%clk 0:16:17]} 21... Nc5 {[%clk 1:22:48]} 22. Qg4 {
[%clk 0:09:17]} 22... Bf6 {[%clk 1:22:45]} 23. e7 {[%clk 0:02:33]} 23... Qxe7 {
[%clk 1:22:42]} 24. Nf5 {[%clk 0:01:30]} 24... Qe6 {[%clk 1:22:14]} 25. Re1 {
[%clk 0:01:21]} 25... h5 {[%clk 1:22:07]} 26. Qxh5 {[%clk 0:00:54]} 26... Bxb2
{[%clk 1:20:05]} 27. Ne7+ {[%clk 0:00:42]} 27... Qxe7 {[%clk 1:19:38]} 28. Rxe7
{[%clk 0:00:52]} 28... Bxa1 {[%clk 1:20:02]} 29. Qxf7+ {[%clk 0:00:49]} 29...
Kh7 {[%clk 1:19:41]} 30. Qh5+ {[%clk 0:00:41]} 30... Kg8 {[%clk 1:20:04]} 31.
Bxd5+ {[%clk 0:00:40]} 31... Bxd5 {[%clk 1:20:20]} 32. Qxd5+ {[%clk 0:01:03]}
32... Kh7 {[%clk 1:20:41]} 33. d4 {[%clk 0:00:53]} 33... Na4 {[%clk 1:19:20]}
34. Qe4+ {[%clk 0:00:37]} 34... Kh8 {[%clk 1:19:27]} 35. Qh4+ {[%clk 0:00:35]}
35... Kg8 {[%clk 1:19:47]} 36. Qf4 {[%clk 0:00:33]} 36... Rf8 {[%clk 1:19:06]}
37. Qg4 {[%clk 0:00:33]} 37... Rf7 {[%clk 1:18:38]} 38. Re8+ {[%clk 0:00:40]}
38... Kh7 {[%clk 1:18:45]} 39. d5 {[%clk 0:00:35]} 39... Rf6 {[%clk 1:17:15]}
40. Qh5+ {[%clk 0:00:37]} 40... Rh6 {[%clk 1:17:34]} 41. Qf5+ {[%clk 0:27:38]}
41... Rg6 {[%clk 1:47:04]} 42. Qc8 {[%clk 0:21:15]} 42... Rg5 {[%clk 1:44:11]}
43. Rh8+ {[%clk 0:20:19]} 43... Kg6 {[%clk 1:44:30]} 44. Qe8+ {[%clk 0:20:30]}
44... Kf6 45. Qe6# 1-0

[Event "DEM U14 2019"]
[Site "Willingen GER"]
[Date "2019.06.15"]
[Round "9"]
[White "Musiolik, David"]
[Black "Krastev, Alexander"]
[Result "1/2-1/2"]
[Termination "normal"]
[Board "1"]
[BlackTitle "FM"]
[WhiteElo "2132"]
[BlackElo "2344"]
[WhiteClock "00:13:35"]
[BlackClock "00:18:16"]
[PlyCount "48"]
[WhiteFideId "12972355"]
[BlackFideId "12989983"]
[EventCountry "GER"]
[EventRounds "9"]
[EventType "swiss"]
[EventDate "2019.06.08"]

1. e4 {[%clk 1:30:56]} 1... c5 {[%clk 1:30:55]} 2. Nf3 {[%clk 1:31:20]} 2...
Nc6 {[%clk 1:31:22]} 3. d4 {[%clk 1:31:43]} 3... cxd4 {[%clk 1:31:48]} 4. Nxd4
{[%clk 1:32:07]} 4... g6 {[%clk 1:32:14]} 5. Nc3 {[%clk 1:32:26]} 5... Bg7 {
[%clk 1:32:39]} 6. Be3 {[%clk 1:32:45]} 6... Nf6 {[%clk 1:33:02]} 7. Be2 {
[%clk 1:32:35]} 7... O-O {[%clk 1:33:24]} 8. Nb3 {[%clk 1:32:45]} 8... d6 {
[%clk 1:33:41]} 9. f4 {[%clk 1:32:23]} 9... a5 {[%clk 1:32:07]} 10. a3 { [%clk
1:14:58]} 10... a4 {[%clk 1:19:04]} 11. Nd4 {[%clk 1:10:05]} 11... Qb6 { [%clk
1:03:44]} 12. Nxc6 {[%clk 1:05:20]} 12... Qxe3 {[%clk 0:50:44]} 13. Nxe7+
{[%clk 1:01:46]} 13... Kh8 {[%clk 0:51:09]} 14. Qd2 {[%clk 0:58:27]} 14... Qb6
{[%clk 0:48:27]} 15. Bf3 {[%clk 0:47:11]} 15... Qxb2 {[%clk 0:44:36]} 16. O-O {
[%clk 0:44:11]} 16... Re8 {[%clk 0:37:51]} 17. e5 {[%clk 0:37:16]} 17... Qb6+ {
[%clk 0:32:10]} 18. Kh1 {[%clk 0:37:26]} 18... dxe5 {[%clk 0:32:04]} 19. fxe5 {
[%clk 0:30:26]} 19... Ng8 {[%clk 0:27:00]} 20. Rab1 {[%clk 0:25:23]} 20... Qd8
{[%clk 0:21:13]} 21. Qxd8 {[%clk 0:23:32]} 21... Rxd8 {[%clk 0:21:39]} 22. Nxc8
{[%clk 0:19:54]} 22... Raxc8 {[%clk 0:21:07]} 23. Nxa4 {[%clk 0:19:56]} 23...
Rc4 {[%clk 0:18:48]} 24. Rb4 {[%clk 0:13:35]} 24... Rxc2 {[%clk 0:18:16]}
1/2-1/2

[Event "DEM U14 2019"]
[Site "Willingen GER"]
[Date "2019.06.15"]
[Round "9"]
[White "Lutz, Ruben"]
[Black "Bethke, Richard"]
[Result "0-1"]
[Termination "normal"]
[Board "2"]
[WhiteElo "2055"]
[BlackElo "2246"]
[WhiteClock "00:00:45"]
[BlackClock "01:28:09"]
[PlyCount "114"]
[WhiteFideId "12975974"]
[BlackFideId "12959243"]
[EventCountry "GER"]
[EventRounds "9"]
[EventType "swiss"]
[EventDate "2019.06.08"]

1. d4 {[%clk 1:30:56]} 1... Nf6 {[%clk 1:30:55]} 2. Nf3 {[%clk 1:31:18]} 2...
d5 {[%clk 1:30:54]} 3. c4 {[%clk 1:31:37]} 3... e6 {[%clk 1:31:13]} 4. cxd5 {
[%clk 1:31:57]} 4... exd5 {[%clk 1:31:38]} 5. Nc3 {[%clk 1:32:13]} 5... c6 {
[%clk 1:31:56]} 6. Bg5 {[%clk 1:31:44]} 6... Bf5 {[%clk 1:32:10]} 7. Qb3 {
[%clk 1:30:36]} 7... Qb6 {[%clk 1:31:09]} 8. Qxb6 {[%clk 1:28:05]} 8... axb6 {
[%clk 1:31:35]} 9. Bxf6 {[%clk 1:28:30]} 9... gxf6 {[%clk 1:31:59]} 10. e3 {
[%clk 1:27:40]} 10... b5 {[%clk 1:31:57]} 11. Kd2 {[%clk 1:10:15]} 11... Nd7 {
[%clk 1:29:25]} 12. Bd3 {[%clk 1:06:16]} 12... Bg6 {[%clk 1:28:36]} 13. Nh4 {
[%clk 0:51:39]} 13... Nb6 {[%clk 1:27:51]} 14. Nf5 {[%clk 0:27:36]} 14... Nc4+
{[%clk 1:22:48]} 15. Kc2 {[%clk 0:27:49]} 15... b4 {[%clk 1:22:01]} 16. Ne2 {
[%clk 0:26:48]} 16... b6 {[%clk 1:20:32]} 17. Neg3 {[%clk 0:23:59]} 17... h5 {
[%clk 1:18:44]} 18. h4 {[%clk 0:19:17]} 18... Bd6 {[%clk 1:18:03]} 19. b3 {
[%clk 0:11:33]} 19... Bxg3 {[%clk 1:17:15]} 20. Nxg3 {[%clk 0:11:09]} 20... Nd6
{[%clk 1:16:51]} 21. Rhc1 {[%clk 0:10:05]} 21... Kd7 {[%clk 1:16:14]} 22. Bxg6
{[%clk 0:06:44]} 22... fxg6 {[%clk 1:16:39]} 23. Kb2 {[%clk 0:07:09]} 23... Ra3
{[%clk 1:16:13]} 24. Rc2 {[%clk 0:06:52]} 24... Rha8 {[%clk 1:15:57]} 25. Rcc1
{[%clk 0:03:50]} 25... R3a5 {[%clk 1:12:47]} 26. Rd1 {[%clk 0:03:21]} 26... Ke6
{[%clk 1:12:13]} 27. Rd2 {[%clk 0:01:35]} 27... c5 {[%clk 1:10:36]} 28. dxc5 {
[%clk 0:01:19]} 28... bxc5 {[%clk 1:11:01]} 29. Ne2 {[%clk 0:01:05]} 29... g5 {
[%clk 1:11:00]} 30. hxg5 {[%clk 0:01:23]} 30... fxg5 {[%clk 1:11:25]} 31. Rc2 {
[%clk 0:01:10]} 31... h4 {[%clk 1:10:31]} 32. a4 {[%clk 0:00:37]} 32... bxa3+ {
[%clk 1:10:56]} 33. Ka2 {[%clk 0:01:05]} 33... Rf8 {[%clk 1:09:32]} 34. Rf1 {
[%clk 0:00:41]} 34... Nf5 {[%clk 1:06:30]} 35. Rfc1 {[%clk 0:01:00]} 35... Kd6
{[%clk 1:06:09]} 36. b4 {[%clk 0:00:38]} 36... cxb4 {[%clk 1:06:30]} 37. Rc6+ {
[%clk 0:00:58]} 37... Ke5 {[%clk 1:05:53]} 38. Rb6 {[%clk 0:00:42]} 38... Nxe3
{[%clk 1:03:07]} 39. Rcc6 {[%clk 0:00:32]} 39... Nc4 {[%clk 1:01:38]} 40. Re6+
{[%clk 0:00:31]} 40... Kf5 {[%clk 1:02:02]} 41. f3 {[%clk 0:24:42]} 41... b3+ {
[%clk 1:30:43]} 42. Kxb3 {[%clk 0:23:15]} 42... g4 {[%clk 1:28:28]} 43. Nd4+ {
[%clk 0:17:53]} 43... Kg5 {[%clk 1:28:23]} 44. Rg6+ {[%clk 0:16:11]} 44... Kf4
{[%clk 1:28:36]} 45. Rbe6 {[%clk 0:04:49]} 45... gxf3 {[%clk 1:28:05]} 46. gxf3
{[%clk 0:05:11]} 46... Nd2+ {[%clk 1:26:17]} 47. Kb4 {[%clk 0:03:38]} 47...
Nxf3 {[%clk 1:26:38]} 48. Kxa5 {[%clk 0:02:27]} 48... Nxd4 {[%clk 1:26:42]} 49.
Ra6 {[%clk 0:00:45]} 49... Rb8 {[%clk 1:26:12]} 50. Rgb6 {[%clk 0:00:33]} 50...
a2 {[%clk 1:26:00]} 51. Rxb8 {[%clk 0:00:32]} 51... a1=Q+ {[%clk 1:26:23]} 52.
Kb6 {[%clk 0:01:00]} 52... Qc3 {[%clk 1:26:39]} 53. Rf8+ {[%clk 0:01:13]} 53...
Ke3 {[%clk 1:27:02]} 54. Re8+ {[%clk 0:01:35]} 54... Kd3 {[%clk 1:27:27]} 55.
Rb8 {[%clk 0:00:32]} 55... Qc6+ {[%clk 1:27:41]} 56. Ka5 {[%clk 0:00:47]} 56...
Qc7+ {[%clk 1:28:01]} 57. Rbb6 {[%clk 0:00:45]} 57... h3 {[%clk 1:28:09]} 0-1

[Event "DEM U14 2019"]
[Site "Willingen GER"]
[Date "2019.06.15"]
[Round "9"]
[White "Weihrauch, Jakob"]
[Black "Pubantz, Jan"]
[Result "1/2-1/2"]
[Termination "normal"]
[Board "3"]
[WhiteElo "2158"]
[BlackElo "2192"]
[WhiteClock "00:23:01"]
[BlackClock "00:04:24"]
[PlyCount "67"]
[WhiteFideId "16210115"]
[BlackFideId "12996114"]
[EventCountry "GER"]
[EventRounds "9"]
[EventType "swiss"]
[EventDate "2019.06.08"]

1. e4 {[%clk 1:30:58]} 1... c5 {[%clk 1:30:56]} 2. Nf3 {[%clk 1:31:23]} 2... d6
{[%clk 1:31:22]} 3. d4 {[%clk 1:31:49]} 3... cxd4 {[%clk 1:31:46]} 4. Nxd4 {
[%clk 1:32:14]} 4... Nf6 {[%clk 1:32:12]} 5. Nc3 {[%clk 1:32:38]} 5... a6 {
[%clk 1:32:35]} 6. g3 {[%clk 1:32:51]} 6... e5 {[%clk 1:32:48]} 7. Nde2 { [%clk
1:33:16]} 7... Be7 {[%clk 1:32:37]} 8. Bg2 {[%clk 1:33:14]} 8... b5 { [%clk
1:29:52]} 9. Nd5 {[%clk 1:33:00]} 9... Nbd7 {[%clk 1:29:20]} 10. Nec3 { [%clk
1:32:15]} 10... Nb6 {[%clk 1:28:18]} 11. Nxb6 {[%clk 1:24:28]} 11... Qxb6
{[%clk 1:28:39]} 12. Nd5 {[%clk 1:24:31]} 12... Nxd5 {[%clk 1:24:31]} 13. Qxd5
{[%clk 1:24:58]} 13... Qb7 {[%clk 1:16:00]} 14. Qxb7 {[%clk 1:22:26]} 14...
Bxb7 {[%clk 1:16:25]} 15. O-O {[%clk 1:22:48]} 15... Rc8 {[%clk 1:15:33]} 16.
c3 {[%clk 1:22:51]} 16... O-O {[%clk 1:13:15]} 17. Bd2 {[%clk 1:14:31]} 17...
Rfd8 {[%clk 0:59:24]} 18. a4 {[%clk 1:11:39]} 18... d5 {[%clk 0:43:44]} 19.
axb5 {[%clk 1:10:48]} 19... axb5 {[%clk 0:43:49]} 20. exd5 {[%clk 1:01:26]}
20... Bxd5 {[%clk 0:41:40]} 21. Be3 {[%clk 0:58:44]} 21... Bb3 {[%clk 0:27:31]}
22. Ra5 {[%clk 0:52:48]} 22... Bc4 {[%clk 0:23:36]} 23. Re1 {[%clk 0:52:25]}
23... Bc5 {[%clk 0:19:45]} 24. Bxc5 {[%clk 0:48:27]} 24... Rxc5 {[%clk 0:20:09]
} 25. Bf1 {[%clk 0:47:56]} 25... Bxf1 {[%clk 0:18:13]} 26. Kxf1 {[%clk 0:48:20]
} 26... f6 {[%clk 0:16:15]} 27. Ra7 {[%clk 0:35:55]} 27... h5 {[%clk 0:10:44]}
28. h4 {[%clk 0:35:32]} 28... Rd3 {[%clk 0:08:14]} 29. Rb7 {[%clk 0:33:03]}
29... Rd2 {[%clk 0:06:21]} 30. Re2 {[%clk 0:33:06]} 30... Rd6 {[%clk 0:05:43]}
31. Re1 {[%clk 0:25:11]} 31... Rcd5 {[%clk 0:05:28]} 32. Ra1 {[%clk 0:23:50]}
32... Rd7 {[%clk 0:04:08]} 33. Raa7 {[%clk 0:22:48]} 33... Rxb7 {[%clk 0:04:24]
} 34. Rxb7 {[%clk 0:23:01]} 1/2-1/2

[Event "DEM U14 2019"]
[Site "Willingen GER"]
[Date "2019.06.15"]
[Round "9"]
[White "Bui, Bao Anh Le"]
[Black "Colbow, Collin"]
[Result "1/2-1/2"]
[Termination "normal"]
[Board "4"]
[WhiteElo "2065"]
[BlackElo "2169"]
[WhiteClock "00:28:25"]
[BlackClock "00:02:10"]
[PlyCount "130"]
[WhiteFideId "12970719"]
[BlackFideId "16201132"]
[EventCountry "GER"]
[EventRounds "9"]
[EventType "swiss"]
[EventDate "2019.06.08"]

1. e4 {[%clk 1:30:19]} 1... c5 {[%clk 1:30:57]} 2. Nf3 {[%clk 1:30:20]} 2... d6
{[%clk 1:31:20]} 3. d4 {[%clk 1:30:08]} 3... cxd4 {[%clk 1:31:45]} 4. Nxd4 {
[%clk 1:30:30]} 4... Nf6 {[%clk 1:32:11]} 5. Nc3 {[%clk 1:30:17]} 5... a6 {
[%clk 1:32:31]} 6. Be3 {[%clk 1:30:18]} 6... e5 {[%clk 1:32:52]} 7. Nb3 { [%clk
1:30:17]} 7... Be6 {[%clk 1:31:40]} 8. f3 {[%clk 1:29:47]} 8... Be7 { [%clk
1:31:40]} 9. Qd2 {[%clk 1:29:56]} 9... O-O {[%clk 1:31:57]} 10. O-O-O { [%clk
1:30:17]} 10... Nbd7 {[%clk 1:31:54]} 11. g4 {[%clk 1:30:14]} 11... b5 { [%clk
1:32:17]} 12. Rg1 {[%clk 1:30:36]} 12... Nb6 {[%clk 1:31:01]} 13. Na5 { [%clk
1:30:13]} 13... Rc8 {[%clk 1:28:43]} 14. g5 {[%clk 1:27:39]} 14... Nh5 { [%clk
1:27:53]} 15. Nd5 {[%clk 1:27:37]} 15... Nxd5 {[%clk 1:25:22]} 16. exd5 { [%clk
1:28:02]} 16... Bxd5 {[%clk 1:25:00]} 17. Qxd5 {[%clk 1:28:29]} 17... Qxa5
{[%clk 1:25:20]} 18. Rg4 {[%clk 1:28:57]} 18... g6 {[%clk 1:16:54]} 19. h4
{[%clk 1:27:59]} 19... Kh8 {[%clk 1:11:49]} 20. f4 {[%clk 1:02:50]} 20... Qa4 {
[%clk 0:59:48]} 21. Bd3 {[%clk 0:52:25]} 21... f5 {[%clk 0:57:05]} 22. fxe5 {
[%clk 0:44:32]} 22... fxg4 {[%clk 0:38:00]} 23. exd6 {[%clk 0:44:37]} 23...
Bxd6 {[%clk 0:21:28]} 24. Qxd6 {[%clk 0:41:41]} 24... Qxa2 25. Bd4+ { [%clk
0:41:34]} 25... Ng7 {[%clk 0:17:30]} 26. c4 {[%clk 0:36:16]} 26... Rxc4+ {[%clk
0:13:13]} 27. Bxc4 {[%clk 0:36:30]} 27... Qxc4+ {[%clk 0:13:37]} 28. Kb1 {[%clk
0:36:56]} 28... Kg8 {[%clk 0:13:34]} 29. Bc3 {[%clk 0:20:50]} 29... Qe4+ {[%clk
0:11:58]} 30. Ka1 {[%clk 0:20:31]} 30... Nf5 {[%clk 0:11:36]} 31. Qd7 { [%clk
0:19:57]} 31... Qa4+ {[%clk 0:10:22]} 32. Kb1 {[%clk 0:20:20]} 32... Qe4+
{[%clk 0:10:46]} 33. Ka1 {[%clk 0:20:45]} 33... g3 {[%clk 0:09:54]} 34. Re1 {
[%clk 0:20:12]} 34... Qa4+ {[%clk 0:08:27]} 35. Kb1 {[%clk 0:20:36]} 35... Qc4
{[%clk 0:08:37]} 36. Qb7 {[%clk 0:18:46]} 36... a5 {[%clk 0:04:20]} 37. Re4 {
[%clk 0:17:34]} 37... Qb3 {[%clk 0:02:23]} 38. Re1 {[%clk 0:14:19]} 38... b4 {
[%clk 0:01:07]} 39. Bf6 {[%clk 0:12:22]} 39... a4 {[%clk 0:00:59]} 40. h5 {
[%clk 0:11:32]} 40... Qd3+ {[%clk 0:00:52]} 41. Ka1 {[%clk 0:11:52]} 41... gxh5
{[%clk 0:26:29]} 42. Qc6 42... Qb3 {[%clk 0:12:52]} 43. Qd7 {[%clk 0:38:49]}
43... a3 {[%clk 0:12:07]} 44. Re8 {[%clk 0:37:23]} 44... g2 {[%clk 0:07:40]}
45. Rxf8+ {[%clk 0:36:03]} 45... Kxf8 {[%clk 0:08:09]} 46. Qc8+ {[%clk 0:36:00]
} 46... Kf7 {[%clk 0:08:36]} 47. Qb7+ {[%clk 0:36:22]} 47... Kg6 { [%clk
0:08:51]} 48. Qxg2 {[%clk 0:36:13]} 48... axb2+ {[%clk 0:08:54]} 49. Bxb2
{[%clk 0:36:29]} 49... Qd1+ {[%clk 0:08:16]} 50. Ka2 {[%clk 0:36:55]} 50...
Qa4+ {[%clk 0:08:43]} 51. Kb1 {[%clk 0:37:15]} 51... Qd1+ {[%clk 0:09:13]} 52.
Ka2 {[%clk 0:37:35]} 52... Qa4+ {[%clk 0:09:12]} 53. Kb1 {[%clk 0:37:56]} 53...
b3 {[%clk 0:09:14]} 54. Qd5 {[%clk 0:31:00]} 54... Qa2+ {[%clk 0:05:58]} 55.
Kc1 {[%clk 0:31:05]} 55... Kxg5 {[%clk 0:06:01]} 56. Qd2+ {[%clk 0:28:15]}
56... Kg4 {[%clk 0:05:13]} 57. Qe2+ {[%clk 0:27:43]} 57... Kf4 {[%clk 0:05:24]}
58. Qf2+ {[%clk 0:27:20]} 58... Ke4 {[%clk 0:03:42]} 59. Qg2+ {[%clk 0:27:34]}
59... Ke3 {[%clk 0:03:16]} 60. Qg5+ {[%clk 0:27:31]} 60... Ke4 {[%clk 0:03:38]}
61. Qg2+ {[%clk 0:27:55]} 61... Kf4 {[%clk 0:03:58]} 62. Qf2+ {[%clk 0:27:56]}
62... Kg5 {[%clk 0:03:34]} 63. Qg2+ {[%clk 0:27:52]} 63... Kf4 {[%clk 0:03:36]}
64. Qf2+ {[%clk 0:28:05]} 64... Kg4 {[%clk 0:03:57]} 65. Qe2+ {[%clk 0:28:25]}
65... Kf4 {[%clk 0:02:10]} 1/2-1/2

[Event "DEM U14 2019"]
[Site "Willingen GER"]
[Date "2019.06.15"]
[Round "9"]
[White "Hetzner, Hannes"]
[Black "Schulemann, Gero"]
[Result "1-0"]
[Termination "normal"]
[Board "7"]
[WhiteElo "2001"]
[BlackElo "1862"]
[WhiteClock "00:17:35"]
[BlackClock "00:23:44"]
[PlyCount "57"]
[WhiteFideId "16211936"]
[BlackFideId "16227646"]
[EventCountry "GER"]
[EventRounds "9"]
[EventType "swiss"]
[EventDate "2019.06.08"]

1. e4 {[%clk 1:30:56]} 1... c5 {[%clk 1:30:55]} 2. Nf3 {[%clk 1:31:21]} 2... e6
{[%clk 1:31:21]} 3. d4 {[%clk 1:31:30]} 3... cxd4 {[%clk 1:31:47]} 4. Nxd4 {
[%clk 1:31:54]} 4... a6 {[%clk 1:32:15]} 5. c4 {[%clk 1:32:15]} 5... Nf6 {
[%clk 1:31:23]} 6. Nc3 {[%clk 1:32:28]} 6... Qc7 {[%clk 1:31:42]} 7. Be2 {
[%clk 1:32:33]} 7... Bb4 {[%clk 1:28:04]} 8. Qd3 {[%clk 1:31:16]} 8... O-O {
[%clk 1:17:27]} 9. O-O {[%clk 1:29:45]} 9... Nc6 {[%clk 1:16:47]} 10. Nxc6 {
[%clk 1:20:51]} 10... dxc6 {[%clk 1:16:43]} 11. a3 {[%clk 1:10:05]} 11... Bd6 {
[%clk 1:11:27]} 12. f4 {[%clk 1:03:07]} 12... Rd8 {[%clk 1:10:29]} 13. Qf3 {
[%clk 1:00:38]} 13... e5 {[%clk 1:09:07]} 14. f5 {[%clk 1:00:17]} 14... Bf8 {
[%clk 1:07:23]} 15. Be3 {[%clk 0:58:31]} 15... Bd7 {[%clk 1:04:53]} 16. c5 {
[%clk 0:56:37]} 16... Be8 {[%clk 1:02:23]} 17. Bc4 {[%clk 0:51:25]} 17... Nd7 {
[%clk 0:53:45]} 18. Na4 {[%clk 0:49:22]} 18... Qa5 {[%clk 0:52:09]} 19. Nb6 {
[%clk 0:48:32]} 19... Nxb6 {[%clk 0:50:39]} 20. cxb6 {[%clk 0:42:29]} 20... c5
{[%clk 0:48:31]} 21. f6 {[%clk 0:41:14]} 21... g6 {[%clk 0:43:54]} 22. Qh3 {
[%clk 0:32:22]} 22... h5 {[%clk 0:37:18]} 23. Qh4 {[%clk 0:29:29]} 23... Qa4 {
[%clk 0:35:18]} 24. b3 {[%clk 0:25:06]} 24... Qc6 {[%clk 0:35:41]} 25. Be2 {
[%clk 0:21:32]} 25... Rd6 {[%clk 0:32:55]} 26. Bxh5 {[%clk 0:19:56]} 26... Rd3
{[%clk 0:29:28]} 27. Rf3 {[%clk 0:17:50]} 27... Rad8 {[%clk 0:27:59]} 28. Rh3 {
[%clk 0:17:24]} 28... Rd1+ {[%clk 0:23:44]} 29. Bxd1 {[%clk 0:17:35]} 1-0

[Event "DEM U14 2019"]
[Site "Willingen GER"]
[Date "2019.06.15"]
[Round "9"]
[White "Deutsch, Christoph"]
[Black "von Krosigk, Florian"]
[Result "1-0"]
[Termination "normal"]
[Board "9"]
[WhiteElo "1937"]
[BlackElo "1926"]
[WhiteClock "00:53:59"]
[BlackClock "00:27:40"]
[PlyCount "93"]
[WhiteFideId "16206878"]
[BlackFideId "16227808"]
[EventCountry "GER"]
[EventRounds "9"]
[EventType "swiss"]
[EventDate "2019.06.08"]

1. e4 {[%clk 1:30:58]} 1... c5 {[%clk 1:30:56]} 2. Nf3 {[%clk 1:31:21]} 2... d6
{[%clk 1:31:13]} 3. d4 {[%clk 1:31:34]} 3... cxd4 {[%clk 1:31:38]} 4. Nxd4 {
[%clk 1:31:57]} 4... Nf6 {[%clk 1:32:05]} 5. Nc3 {[%clk 1:32:16]} 5... a6 {
[%clk 1:32:21]} 6. Be2 {[%clk 1:32:15]} 6... e5 {[%clk 1:32:05]} 7. Nb3 { [%clk
1:32:24]} 7... Be7 {[%clk 1:32:16]} 8. Be3 {[%clk 1:31:14]} 8... Be6 { [%clk
1:29:10]} 9. O-O {[%clk 1:30:07]} 9... O-O {[%clk 1:28:42]} 10. Qd3 { [%clk
1:30:25]} 10... Nc6 {[%clk 1:18:05]} 11. Nd5 {[%clk 1:28:46]} 11... Nxd5 {[%clk
1:12:32]} 12. exd5 {[%clk 1:28:43]} 12... Nb4 {[%clk 1:12:59]} 13. Qd2 { [%clk
1:27:09]} 13... Nxd5 {[%clk 1:13:21]} 14. Bf3 {[%clk 1:27:33]} 14... Nxe3
{[%clk 1:12:48]} 15. Qxe3 {[%clk 1:26:34]} 15... Qc7 {[%clk 1:10:57]} 16. c3 {
[%clk 1:24:24]} 16... Rab8 {[%clk 1:04:38]} 17. Rad1 {[%clk 1:22:48]} 17... b5
{[%clk 1:00:13]} 18. Bd5 {[%clk 1:16:22]} 18... Bxd5 {[%clk 0:50:54]} 19. Rxd5
{[%clk 1:16:45]} 19... f5 {[%clk 0:47:03]} 20. f4 {[%clk 1:10:36]} 20... Qc6 {
[%clk 0:31:22]} 21. Rfd1 {[%clk 1:09:08]} 21... e4 {[%clk 0:30:33]} 22. g3 {
[%clk 1:02:38]} 22... g6 {[%clk 0:26:30]} 23. Kg2 {[%clk 1:00:33]} 23... Rfd8 {
[%clk 0:20:10]} 24. g4 {[%clk 0:57:26]} 24... Rf8 {[%clk 0:18:25]} 25. Qh3 {
[%clk 0:55:58]} 25... Qc4 {[%clk 0:16:40]} 26. R1d2 {[%clk 0:51:34]} 26... Kh8
{[%clk 0:14:05]} 27. g5 {[%clk 0:41:24]} 27... Rfe8 {[%clk 0:12:20]} 28. Qe3 {
[%clk 0:41:21]} 28... Kg8 {[%clk 0:11:48]} 29. h4 {[%clk 0:40:57]} 29... Ra8 {
[%clk 0:08:04]} 30. h5 {[%clk 0:36:55]} 30... Kf7 {[%clk 0:07:10]} 31. h6 {
[%clk 0:34:34]} 31... Rec8 {[%clk 0:05:40]} 32. Na5 {[%clk 0:31:20]} 32... Qc7
{[%clk 0:05:23]} 33. Qd4 {[%clk 0:31:01]} 33... Rg8 {[%clk 0:04:53]} 34. Nb3 {
[%clk 0:28:19]} 34... Qa7 {[%clk 0:04:10]} 35. Rxd6 {[%clk 0:26:02]} 35... Qxd4
{[%clk 0:02:38]} 36. R6xd4 {[%clk 0:26:21]} 36... Rgd8 {[%clk 0:01:58]} 37.
Rxd8 {[%clk 0:26:28]} 37... Rxd8 {[%clk 0:02:23]} 38. Rxd8 38... Bxd8 { [%clk
0:02:52]} 39. Nc5 {[%clk 0:27:01]} 39... a5 {[%clk 0:03:09]} 40. Nd7 { [%clk
0:27:05]} 40... Bc7 {[%clk 0:03:17]} 41. Kg3 {[%clk 0:25:47]} 41... e3 { [%clk
0:03:21]} 42. Nc5 {[%clk 0:26:07]} 42... Bb6 {[%clk 0:02:02]} 43. Nd3 { [%clk
0:24:46]} 43... Ke6 {[%clk 0:02:25]} 44. Kf3 {[%clk 0:25:10]} 44... Kd5 { [%clk
0:02:20]} 45. Ne5 {[%clk 0:23:38]} 45... Bc7 {[%clk 0:30:12]} 46. Nxg6 { [%clk
0:53:48]} 46... Kc4 {[%clk 0:27:40]} 47. Kxe3 {[%clk 0:53:59]} 1-0